The impact of governance on the performance of non-profit organizations in Malaysia (notice n° 1818970)
[ vue normale ]
| 000 -LEADER | |
|---|---|
| fixed length control field | 01979cam a2200169 4500500 |
| 005 - DATE AND TIME OF LATEST TRANSACTION | |
| control field | 20260329002840.0 |
| 041 ## - LANGUAGE CODE | |
| Language code of text/sound track or separate title | fre |
| 042 ## - AUTHENTICATION CODE | |
| Authentication code | dc |
| 100 10 - MAIN ENTRY--PERSONAL NAME | |
| Personal name | Guechtouli, Manel |
| Relator term | author |
| 245 00 - TITLE STATEMENT | |
| Title | The impact of governance on the performance of non-profit organizations in Malaysia |
| 260 ## - PUBLICATION, DISTRIBUTION, ETC. | |
| Date of publication, distribution, etc. | 2026.<br/> |
| 500 ## - GENERAL NOTE | |
| General note | 27 |
| 520 ## - SUMMARY, ETC. | |
| Summary, etc. | Non-profit organizations (NPOs) have a strong presence and play a major role in socioeconomic development in Malaysia. To date, more than 70,000 NPOs are registered in Malaysia. At the same time, these organizations often face governance problems. Our study offers a contribution to the debate on the governance of this type of organization and provides an opportunity to consider strategic reforms and policy changes aimed at strengthening their management. Our study will specifically examine the relationship between governance, public trust, and NPO performance in Malaysia. Our approach is quantitative, with 188 questionnaires distributed to a sample of NPOs. Analysis was performed using SPSS software. The study shows that there is a moderate positive association between financial reporting requirements and NPO performance in Malaysia. However, the study found a weak positive association between board responsibilities or characteristics and NPO performance. In addition, the relationship between stakeholders and NPO performance is also weak and positive. Therefore, it can be concluded that the three independent variables, namely board responsibilities, financial reporting requirements, and stakeholders, can significantly influence the performance of NPOs in Malaysia, but board characteristics do not seem to have a significant impact on NPO performance. |
| 700 10 - ADDED ENTRY--PERSONAL NAME | |
| Personal name | Arulanandam, Benedict Valentine |
| Relator term | author |
| 786 0# - DATA SOURCE ENTRY | |
| Note | Management & Sciences Sociales | 44 | 1 | 2026-02-10 | p. 97-115 | 1952-3262 |
| 856 41 - ELECTRONIC LOCATION AND ACCESS | |
| Uniform Resource Identifier | <a href="https://shs.cairn.info/journal-management-sciences-sociales-2026-1-page-97?lang=en&redirect-ssocas=7080">https://shs.cairn.info/journal-management-sciences-sociales-2026-1-page-97?lang=en&redirect-ssocas=7080</a> |
Pas d'exemplaire disponible.




Réseaux sociaux